[Event "Quebec-ch Senior"]
[Site "Montreal"]
[Date "2018.04.20"]
[Round "1.3"]
[White "Sullivan, Neil"]
[Black "Gauthier, Luc"]
[Result "0-1"]
[WhiteElo "2065"]
[BlackElo "1654"]
[PlyCount "72"]
[EventDate "2018.04.20"]
[EventType "swiss"]
[EventRounds "5"]
[EventCountry "CAN"]
[SourceTitle "EXT 2022"]
[Source "ChessBase"]
[SourceDate "2021.10.06"]
[SourceVersion "1"]
[SourceVersionDate "2021.10.06"]
[SourceQuality "1"]

1. e4 Nf6 2. Nc3 d5 3. exd5 Nxd5 4. Nf3 c6 5. Nxd5 cxd5 6. d4 Nc6 7. Be2 Bf5 8. c3 a6 9. 0-0 e6 10. Re1 Be7 11. Bf4 0-0 12. Bd3 Bxd3 13. Qxd3 Rc8 14. Re3 b5 15. h4 Na5 16. h5 Nc4 17. Re2 Nd6 18. Ne5 Ne4 19. Rxe4 dxe4 20. Qxe4 Qd5 21. Qe2 b4 22. h6 g6 23. Qd2 bxc3 24. bxc3 Qa5 25. Rc1 Rfd8 26. Rc2 Qa4 27. Nf3 Qb5 28. Rb2 Qd5 29. Qe3 f6 30. Rb6 Kf7 31. Rxa6 Ra8 32. Qe2 Rxa6 33. Qxa6 Ra8 34. Qb6 Rxa2 35. Bg5 Ra1+ 36. Kh2 Qd6+ 0-1

[Event "Montreal Perce Neige"]
[Site "Montreal"]
[Date "2018.04.07"]
[Round "2.2"]
[White "Sullivan, Neil"]
[Black "Lesage, Philippe"]
[Result "1-0"]
[WhiteElo "2097"]
[BlackElo "1779"]
[PlyCount "71"]
[EventDate "2018.04.??"]
[EventType "swiss"]
[EventRounds "4"]
[EventCountry "CAN"]
[SourceTitle "EXT 2022"]
[Source "ChessBase"]
[SourceDate "2021.10.06"]
[SourceVersion "1"]
[SourceVersionDate "2021.10.06"]
[SourceQuality "1"]

1. e4 c5 2. Nc3 g6 3. d3 Bg7 4. g3 Nc6 5. Bg2 d6 6. Be3 e6 7. Qd2 Nd4 8. Nge2 Ne7 9. 0-0-0 Qa5 10. Kb1 Nxe2 11. Nxe2 Qxd2 12. Rxd2 e5 13. c3 Be6 14. d4 cxd4 15. cxd4 0-0 16. f4 f6 17. h3 a6 18. g4 Rac8 19. f5 Bc4 20. Nc3 Rfd8 21. Rhd1 Nc6 22. Na4 Bf7 23. Nb6 Rb8 24. d5 Ne7 25. Rc2 Nc8 26. Nc4 b5 27. Na5 Ne7 28. Rc7 Bf8 29. Rdc1 Rbc8 30. Bb6 Rxc7 31. Bxc7 Rd7 32. Bf1 Bh6 33. Rc2 Kg7 34. a4 bxa4 35. Bxa6 Be3 36. Bb5 1-0

[Event "Francophone-ch 3rd"]
[Site "Montreal"]
[Date "2015.07.18"]
[Round "2"]
[White "Edouard, Romain"]
[Black "Sullivan, Neil"]
[Result "1-0"]
[WhiteElo "2639"]
[BlackElo "2109"]
[PlyCount "73"]
[EventDate "2015.07.17"]
[EventType "swiss"]
[EventRounds "9"]
[EventCountry "CAN"]
[SourceTitle "EXT 2016"]
[Source "ChessBase"]
[SourceDate "2015.10.08"]
[SourceVersion "1"]
[SourceVersionDate "2015.10.08"]
[SourceQuality "1"]

1. d4 d5 2. c4 e6 3. Nf3 Nf6 4. Nc3 Be7 5. Bf4 0-0 6. e3 b6 7. Qc2 Bb7 8. Rd1 a6 9. cxd5 exd5 10. Be2 h6 11. 0-0 Nbd7 12. h3 Rc8 13. Bh2 Ne4 14. Nxe4 dxe4 15. Ne5 Bd6 16. Bg4 f5 17. Qc4+ Kh7 18. Qe6 fxg4 19. Nxd7 Bxh2+ 20. Kxh2 gxh3 21. Nxf8+ Qxf8 22. Qxh3 Bd5 23. b3 Qd6+ 24. Qg3 Qd7 25. f4 Rf8 26. f5 a5 27. Qg6+ Kg8 28. f6 Qd6+ 29. Kg1 Rxf6 30. Rxf6 Qxf6 31. Qxf6 gxf6 32. Kf2 Kf7 33. Kg3 c6 34. Kf4 Kg6 35. Rh1 f5 36. Ke5 Kg5 37. Rf1 1-0

[Event "Francophone-ch 3rd"]
[Site "Montreal"]
[Date "2015.07.18"]
[Round "3"]
[White "Sullivan, Neil"]
[Black "Gauthier, Denis"]
[Result "1-0"]
[WhiteElo "2109"]
[BlackElo "1836"]
[PlyCount "81"]
[EventDate "2015.07.17"]
[EventType "swiss"]
[EventRounds "9"]
[EventCountry "CAN"]
[SourceTitle "EXT 2016"]
[Source "ChessBase"]
[SourceDate "2015.10.08"]
[SourceVersion "1"]
[SourceVersionDate "2015.10.08"]
[SourceQuality "1"]

1. Nf3 Nf6 2. b4 d6 3. d4 g6 4. Bb2 Bg7 5. e3 a5 6. b5 0-0 7. Nbd2 c6 8. a4 Re8 9. Be2 Nbd7 10. 0-0 Qc7 11. Bc4 Nb6 12. Bb3 cxb5 13. axb5 a4 14. Ba2 Bf5 15. Rc1 a3 16. Ba1 Na4 17. c4 Nb2 18. Qb3 Qa5 19. Rc3 Na4 20. Rcc1 Nb2 21. h3 Nd3 22. Rc3 Nb4 23. Rfc1 h5 24. Nh4 Be6 25. e4 Bh6 26. Nhf3 Rec8 27. Rb1 Nxa2 28. Qxa2 Qb6 29. d5 Bd7 30. Rxa3 Rxa3 31. Qxa3 Bg7 32. Bd4 Qc7 33. Qa7 Be8 34. b6 Qd7 35. e5 Nh7 36. exd6 exd6 37. Qa1 Bh6 38. Re1 Ng5 39. Nxg5 Bxg5 40. Ne4 Bh4 41. Bf6 1-0

[Event "Quebec-ch 50+"]
[Site "Montreal"]
[Date "2015.04.18"]
[Round "2"]
[White "Trottier, Yves"]
[Black "Sullivan, Neil"]
[Result "0-1"]
[WhiteElo "1864"]
[BlackElo "2103"]
[PlyCount "50"]
[EventDate "2015.04.17"]
[EventType "swiss"]
[EventRounds "5"]
[EventCountry "CAN"]
[SourceTitle "EXT 2019"]
[Source "ChessBase"]
[SourceDate "2018.10.10"]
[SourceVersion "1"]
[SourceVersionDate "2018.10.10"]
[SourceQuality "1"]

1. e4 c5 2. Nc3 Nc6 3. g3 g6 4. Bg2 Bg7 5. f4 d6 6. Nf3 Nf6 7. 0-0 0-0 8. d3 Rb8 9. h3 b5 10. g4 b4 11. Ne2 c4 12. Ng3 cxd3 13. cxd3 a5 14. Rb1 Ba6 15. Re1 Qc7 16. Be3 Rfd8 17. Rc1 e5 18. d4 exf4 19. Bxf4 Qd7 20. d5 Na7 21. Bf1 Bxf1 22. Kxf1 Rbc8 23. Qd2 h5 24. Nd4 Rxc1 25. Rxc1 h4 0-1

[Event "Quebec-ch op"]
[Site "Montreal"]
[Date "2006.07.14"]
[Round "8"]
[White "Masse, Hugues"]
[Black "Sullivan, Neil"]
[Result "0-1"]
[WhiteElo "2178"]
[BlackElo "2123"]
[PlyCount "144"]
[EventDate "2006.07.07"]
[EventType "swiss"]
[EventRounds "9"]
[EventCountry "CAN"]
[SourceTitle "CBM 113 Extra"]
[Source "ChessBase"]
[SourceDate "2006.09.14"]
[SourceVersion "1"]
[SourceVersionDate "2006.09.14"]
[SourceQuality "1"]

1. e4 c5 2. c3 Nf6 3. e5 Nd5 4. Nf3 e6 5. Bc4 d6 6. 0-0 Nb6 7. Bb3 Nc6 8. exd6 Bxd6 9. d4 0-0 10. Re1 Re8 11. dxc5 Bxc5 12. Qxd8 Rxd8 13. Bf4 Nd5 14. Bg3 b6 15. Nbd2 Bb7 16. Rad1 h6 17. Nc4 Rac8 18. Nce5 Nxe5 19. Bxe5 Ne7 20. Nd2 Kf8 21. Bc2 Bd6 22. Bxd6 Rxd6 23. Ne4 Bxe4 24. Bxe4 Rcd8 25. Bf3 Ke8 26. Kf1 Rd2 27. Rxd2 Rxd2 28. Rb1 Nf5 29. Ke1 Rd8 30. Rd1 Rc8 31. g3 Ke7 32. Kd2 Nd6 33. Kc2 Rc5 34. Bg2 Rf5 35. Rd2 Ra5 36. Kb1 Re5 37. Bf3 Nc4 38. Re2 Rc5 39. Kc2 Nd6 40. Rd2 Nc4 41. Re2 f5 42. b3 Nd6 43. Bg2 Kf6 44. f4 g5 45. Kd3 Rc7 46. c4 Nf7 47. Rd2 e5 48. fxe5+ Nxe5+ 49. Ke2 Ng4 50. Rd6+ Kg7 51. h3 Re7+ 52. Kd3 Ne5+ 53. Kd4 Nf7 54. Rc6 f4 55. gxf4 gxf4 56. Rc8 Ng5 57. h4 f3 58. Bf1 Ne4 59. b4 Ng3 60. Bh3 Ne2+ 61. Kd5 Nf4+ 62. Kd6 Re1 63. Rc7+ Kg6 64. h5+ Nxh5 65. c5 Nf4 66. cxb6 axb6 67. Rc3 f2 68. Rg3+ Kh5 69. Kc6 Nxh3 70. Rf3 f1Q 71. Rxf1 Rxf1 72. a4 Rf6+ 0-1

[Event "Quebec-ch qual1"]
[Site "Montreal"]
[Date "2006.05.07"]
[Round "5"]
[White "Sullivan, Neil"]
[Black "Laurain, Guy"]
[Result "1/2-1/2"]
[WhiteElo "2066"]
[BlackElo "2138"]
[PlyCount "42"]
[EventDate "2006.05.05"]
[EventType "swiss"]
[EventRounds "5"]
[EventCountry "CAN"]
[SourceTitle "EXT 2007"]
[Source "ChessBase"]
[SourceDate "2006.11.23"]
[SourceVersion "1"]
[SourceVersionDate "2006.11.23"]
[SourceQuality "1"]

1. e4 c5 2. Nc3 Nc6 3. g3 g6 4. Bg2 Bg7 5. d3 d6 6. Be3 Bd7 7. Qd2 Rb8 8. Nge2 b5 9. 0-0 b4 10. Nd1 Nf6 11. Bh6 0-0 12. Bxg7 Kxg7 13. f4 e6 14. f5 e5 15. Ne3 Ne7 16. g4 h6 17. h4 Nh7 18. Ng3 Ng8 19. h5 g5 20. a3 b3 21. c3 Nhf6 1/2-1/2

[Event "Quebec op"]
[Site "Montreal"]
[Date "2004.07.20"]
[Round "4"]
[White "Burnett, Ronald"]
[Black "Sullivan, Neil"]
[Result "1-0"]
[WhiteElo "2439"]
[BlackElo "2092"]
[PlyCount "59"]
[EventDate "2004.07.17"]
[EventType "swiss"]
[EventRounds "9"]
[EventCountry "CAN"]
[SourceTitle "CBM 101 Extra"]
[Source "ChessBase"]
[SourceDate "2004.09.01"]
[SourceVersion "2"]
[SourceVersionDate "2004.09.01"]
[SourceQuality "1"]

1. e4 c5 2. Nf3 Nc6 3. Bb5 g6 4. 0-0 Bg7 5. Re1 Nf6 6. c3 0-0 7. h3 a6 8. Bf1 b5 9. d4 cxd4 10. cxd4 d5 11. e5 Ne8 12. Nbd2 Nc7 13. Nb3 Ne6 14. Ng5 Qb6 15. Nxe6 Bxe6 16. Be3 Na5 17. Nc5 Rfc8 18. Bg5 Ra7 19. b3 Rac7 20. Qd2 Nc6 21. Nxe6 fxe6 22. Be3 Nd8 23. Rac1 a5 24. Rxc7 Rxc7 25. Qd3 b4 26. Qb5 Qxb5 27. Bxb5 Kf7 28. Rc1 Rb7 29. Ba4 Rb6 30. Rc8 1-0

[Event "Quebec op"]
[Site "Montreal"]
[Date "2004.07.18"]
[Round "2"]
[White "Fillion, Steve"]
[Black "Sullivan, Neil"]
[Result "0-1"]
[WhiteElo "2169"]
[BlackElo "2092"]
[PlyCount "104"]
[EventDate "2004.07.17"]
[EventType "swiss"]
[EventRounds "9"]
[EventCountry "CAN"]
[SourceTitle "CBM 101 Extra"]
[Source "ChessBase"]
[SourceDate "2004.09.01"]
[SourceVersion "2"]
[SourceVersionDate "2004.09.01"]
[SourceQuality "1"]

1. d4 d5 2. Nf3 Nf6 3. c4 e6 4. Nc3 Be7 5. Bg5 h6 6. Bh4 0-0 7. e3 Nbd7 8. Rc1 b6 9. cxd5 exd5 10. Bd3 Bb7 11. 0-0 Ne4 12. Bxe7 Qxe7 13. Qe2 c5 14. Ba6 Nxc3 15. Rxc3 cxd4 16. Nxd4 Bxa6 17. Qxa6 Nc5 18. Qa3 Qd7 19. Rfc1 Rfc8 20. f3 a5 21. b3 Ne6 22. Nc6 Nc5 23. Nd4 Ne6 24. Ne2 Rxc3 25. Rxc3 d4 26. exd4 Nxd4 27. Qb2 Re8 28. Rd3 Nxe2+ 29. Qxe2 Rxe2 30. Rxd7 Rxa2 31. Rd8+ Kh7 32. Rb8 Rb2 33. Rxb6 a4 34. h3 axb3 35. Kh2 f6 36. Kg3 Rb1 37. Kf4 Kg6 38. g4 b2 39. h4 h5 40. gxh5+ Kxh5 41. Rb8 Kg6 42. Rb7 Kh6 43. Kf5 Kh7 44. Rb8 Rf1 45. Rxb2 Rxf3+ 46. Ke4 Rc3 47. Rb5 g6 48. Rb6 Kg7 49. Kf4 f5 50. Rb4 Kh6 51. Ke5 Kh5 52. Kf6 Rg3 0-1

[Event "Quebec-ch qual 1"]
[Site "Montreal"]
[Date "2004.05.02"]
[Round "5"]
[White "Sullivan, Neil"]
[Black "Ramaswamy, Kishor"]
[Result "0-1"]
[WhiteElo "2092"]
[BlackElo "2078"]
[PlyCount "60"]
[EventDate "2004.04.??"]
[EventType "swiss"]
[EventRounds "5"]
[EventCountry "CAN"]
[SourceTitle "EXT 2005"]
[Source "ChessBase"]
[SourceDate "2004.11.15"]
[SourceVersion "1"]
[SourceVersionDate "2004.11.15"]
[SourceQuality "1"]

1. Nf3 d5 2. b4 Nf6 3. Bb2 Bg4 4. e3 e6 5. a3 Nbd7 6. d4 Bd6 7. Nbd2 c6 8. c4 0-0 9. h3 Bh5 10. Be2 Ne4 11. Nxe4 dxe4 12. Ne5 Bxe2 13. Qxe2 f5 14. f4 exf3 15. Nxf3 a5 16. c5 Bg3+ 17. Kd1 axb4 18. axb4 Rxa1+ 19. Bxa1 Qa8 20. Bc3 Nf6 21. Qc4 Qa4+ 22. Ke2 Qc2+ 23. Nd2 Ne4 24. Qxe6+ Kh8 25. Qe7 Rb8 26. Kf3 Nxc3 27. Kxg3 Qxd2 28. Qc7 Rf8 29. Qe7 f4+ 30. Kh2 Rg8 0-1

[Event "Quebec-ch qual 1"]
[Site "Montreal"]
[Date "2004.05.01"]
[Round "3"]
[White "Anastasovski, Nikola"]
[Black "Sullivan, Neil"]
[Result "1/2-1/2"]
[WhiteElo "2225"]
[BlackElo "2092"]
[PlyCount "57"]
[EventDate "2004.04.??"]
[EventType "swiss"]
[EventRounds "5"]
[EventCountry "CAN"]
[SourceTitle "EXT 2005"]
[Source "ChessBase"]
[SourceDate "2004.11.15"]
[SourceVersion "1"]
[SourceVersionDate "2004.11.15"]
[SourceQuality "1"]

1. e4 c5 2. c4 Nc6 3. Nc3 g6 4. g3 Bg7 5. Bg2 d6 6. d3 Nf6 7. h3 a6 8. Be3 Rb8 9. Qd2 b5 10. Rc1 0-0 11. b3 Re8 12. Nge2 Nd7 13. Bh6 Bh8 14. h4 Qa5 15. h5 Nd4 16. hxg6 hxg6 17. Be3 Nxe2 18. Rxh8+ Kxh8 19. Kxe2 Kg7 20. Bh6+ Kg8 21. Rh1 Bb7 22. Bg7 Kxg7 23. Qh6+ Kf6 24. Qf4+ Kg7 25. Qh6+ Kf6 26. Nd5+ Bxd5 27. Qf4+ Kg7 28. Qh6+ Kf6 29. Qf4+ 1/2-1/2

[Event "Montreal Premiere Neige"]
[Site "Montreal"]
[Date "2003.12.12"]
[Round "1"]
[White "Lesiege, Alexandre"]
[Black "Sullivan, Neil"]
[Result "1-0"]
[WhiteElo "2589"]
[BlackElo "2056"]
[PlyCount "35"]
[EventDate "2003.12.??"]
[EventType "swiss"]
[EventRounds "5"]
[EventCountry "CAN"]
[SourceTitle "EXT 2006"]
[Source "ChessBase"]
[SourceDate "2005.11.24"]
[SourceVersion "1"]
[SourceVersionDate "2005.11.24"]
[SourceQuality "1"]

1. d4 d5 2. c4 e6 3. Nf3 Nf6 4. Nc3 Be7 5. Bf4 0-0 6. e3 b6 7. Rc1 Bb7 8. cxd5 Nxd5 9. Nxd5 Bxd5 10. Bxc7 Qd7 11. a3 Nc6 12. Bg3 Rac8 13. Ba6 Rcd8 14. Qe2 f5 15. 0-0 Bf6 16. Bb5 Rfe8 17. Rc3 f4 18. Bxf4 1-0

[Event "Quebec-ch qual 2"]
[Site "Montreal"]
[Date "2003.06.01"]
[Round "4"]
[White "Sullivan, Neil"]
[Black "Kayembe, Doris"]
[Result "1-0"]
[WhiteElo "2031"]
[BlackElo "1857"]
[PlyCount "121"]
[EventDate "2003.05.??"]
[EventType "swiss"]
[EventRounds "5"]
[EventCountry "CAN"]
[SourceTitle "EXT 2006"]
[Source "ChessBase"]
[SourceDate "2005.11.24"]
[SourceVersion "1"]
[SourceVersionDate "2005.11.24"]
[SourceQuality "1"]

1. e4 e6 2. d3 d5 3. Nd2 c5 4. Ngf3 Nf6 5. g3 Nc6 6. Bg2 Be7 7. 0-0 0-0 8. e5 Nd7 9. Re1 Qc7 10. Qe2 Re8 11. Nf1 f6 12. exf6 Bxf6 13. Ne3 Nde5 14. Nxe5 Bxe5 15. Ng4 Bd6 16. c3 Bd7 17. f4 Ne7 18. Be3 Nf5 19. Bf2 Bc6 20. Ne5 Bxe5 21. Qxe5 Qe7 22. Bh3 g6 23. d4 b6 24. Re2 Bb5 25. Ree1 Rac8 26. Bg2 cxd4 27. Bxd4 Nxd4 28. Qxd4 Rc4 29. Qe3 Qf6 30. Rad1 Kf7 31. Qf2 Bc6 32. Re5 Rd8 33. Qe2 b5 34. Qe3 Ra4 35. a3 Rd6 36. Bh3 Qe7 37. f5 gxf5 38. Bxf5 Ke8 39. Rxe6 Rxe6 40. Qxe6 Qxe6 41. Bxe6 Ke7 42. Bxd5 Bd7 43. Bf3 Ra6 44. Kf2 Rh6 45. h4 a5 46. Rd5 Rf6 47. Rd3 Rb6 48. Rd4 Be6 49. Bd5 Bd7 50. Bf3 h6 51. Ke3 Be6 52. g4 Kf6 53. Kf4 Bb3 54. Be4 Kg7 55. g5 hxg5+ 56. hxg5 Be6 57. Ke5 Bc8 58. Rd6 Rb8 59. Rc6 b4 60. Rc7+ Kf8 61. g6 1-0

[Event "Montreal op 05b"]
[Site "Montreal"]
[Date "2002.05.24"]
[Round "1"]
[White "Sullivan, Neil"]
[Black "Rodriguez, Herver W"]
[Result "1-0"]
[WhiteElo "2160"]
[BlackElo "1676"]
[PlyCount "79"]
[EventDate "2002.05.24"]
[EventType "swiss"]
[EventRounds "5"]
[EventCountry "CAN"]
[SourceTitle "EXT 2009"]
[Source "ChessBase"]
[SourceDate "2008.11.26"]
[SourceVersion "1"]
[SourceVersionDate "2008.11.26"]
[SourceQuality "1"]

1. e4 c5 2. Nf3 d6 3. d3 Nc6 4. g3 b5 5. Bg2 Bb7 6. 0-0 g6 7. Re1 Bg7 8. Nbd2 Qc7 9. Nf1 e6 10. c3 Nge7 11. Be3 0-0 12. Qd2 Ne5 13. Rad1 Ng4 14. Bg5 f6 15. Be3 Rad8 16. Bh3 f5 17. Ng5 Qd7 18. exf5 gxf5 19. f3 Ne5 20. Bg2 Rf6 21. f4 Ng4 22. h3 Bxg2 23. Qxg2 Nxe3 24. Nxe3 h6 25. Nf3 Qc7 26. g4 Kh7 27. g5 Rg8 28. h4 Bf8 29. Kf2 e5 30. Qh2 Re6 31. Ng2 e4 32. dxe4 fxe4 33. Qh3 Qc8 34. f5 exf3 35. Rxe6 fxg2 36. Rdxd6 Rh8 37. Qe3 Qb7 38. Rxh6+ Bxh6 39. Rxh6+ Kg8 40. Qe6+ 1-0